ბათუმის შოთა რუსთაველის სახელმწიფო უნივერსიტეტის ბიბლიოთეკა

სახელდება და აუცილებლობა / (ბიბ.ჩანაწერი № 54163)

000 -ლიდერი
ფიქსირებული სიგრძის საკონტროლო ველი 02100nam a2200349Ia 4500
001 - საკონტროლო ნომერი
საკონტროლო ველი 21219
003 - საკონტროლო ნომრის იდენტიფიკატორი
საკონტროლო ველი GE_BSU
005 - ბოლო ოპერაციის თარიღი და დრო
საკონტროლო ველი 20210921153723.0
008 - ფიქსირებული სიგრძის მონაცემთა ელემენტები - ზოგადი ინფორმაცია
ფიქსირებული სიგრძის საკონტროლო ველი 181216s2014||||ge |||||||||||||| ||geo||
020 ## - წიგნის საერთაშორისო სტანდარტული ნომერი
International Standard Book Number 9789941182174
040 ## - კატალოგიზაციის წყარო
Transcribing agency GE_BSU
041 ## - ენის კოდი
Language code of text/sound track or separate title geo
080 ## - უნივერსალური ათობითი კლასიფიკაციის ინდექსი
Universal Decimal Classification number 123(042) კ-84
100 ## - მთავარი ჩანაწერი - პიროვნების სახელი
Personal name კრიპკე, ს.ა. (საულ ა.)
9 (RLIN) 12511
245 ## - ცნობა სათაურის შესახებ
Title სახელდება და აუცილებლობა /
Statement of responsibility, etc ინგლ. თარგმნა და კომენტ. დაურთო თამარ ცხადაძემ ; სამეცნ. რედ. ლელა ალექსიძე ; ყდის დიზაინი თამარ ბასილია.
264 ## - წარმოების, გამოცემის, დისტრიბუციის და სხვა ცნობები
გამოცემის, წარმოების, დისტრიბუციის... ადგილი თბილისი :
გამოცემის, წარმოების, დისტრიბუციის... სახელწოდება ილიას სახელმწ. უნ-ტი,
გამოცემის, წარმოების, დისტრიბუციის... თარიღი 2014.
300 ## - ფიზიკური აღწერა
Extent 244 გვ. ;
Dimensions 20 სმ.
490 ## - სერიის ცნობა
Series statement ფილოსოფიური ბიბლიოთეკა
500 ## - ზოგადი შენიშვნა
General note დამატებები : გვ. 209-220 ; კომენტარები : გვ. 221-229 ; საძიებელი : გვ. 230-243
500 ## - ზოგადი შენიშვნა
General note გარეკანზე ფოტო : ჟან (ჰანს) არპი, კოლაჟი შემთხვევითობის კანონების მიხედვით მოწესრიგებული კვადრატებით
653 ## - INDEX TERM--UNCONTROLLED
Uncontrolled term სახელდება და აუცილებლობა
653 ## - INDEX TERM--UNCONTROLLED
Uncontrolled term სახელდება
653 ## - INDEX TERM--UNCONTROLLED
Uncontrolled term აუცილებლობა
653 ## - INDEX TERM--UNCONTROLLED
Uncontrolled term ენის ფილოსოფია
653 ## - INDEX TERM--UNCONTROLLED
Uncontrolled term საკუთარი სახელები
653 ## - INDEX TERM--UNCONTROLLED
Uncontrolled term ფილოსოფია
700 ## - ADDED ENTRY--PERSONAL NAME
Personal name ცხადაძე, თამარ
Relator term მთარგმნელი
9 (RLIN) 12512
700 ## - ADDED ENTRY--PERSONAL NAME
Personal name ალექსიძე, ლელა
Relator term სამეცნიერო რედაქტორი
9 (RLIN) 12513
700 ## - ADDED ENTRY--PERSONAL NAME
Personal name ბასილია, თამარ
Relator term დიზაინერი
9 (RLIN) 12514
942 ## - ADDED ENTRY ELEMENTS (KOHA)
Koha item type წიგნი
Source of classification or shelving scheme
ეგზემპლარები
ჩამოწერის სტატუსი დაკარგული ეგზემპლარის სტატუსი კლასიფიკაციის წყარო ან თაროზე გაწყობის სქემა დაზიანების სტატუსი არ გაიცემა მუდმივი მდებარეობა (დაცვის ადგილი) ამჟამინდელი ადგილსამყოფელი თაროზე განთავსების ადგილი შეძენის თარიღი ღირებულება, შესყიდვის ნორმალური ფასი სრული შენახვის შიფრი შტრიხკოდი ბოლო ოპერაციის თარიღი ეგზემპლარის მიმდევრობითი ნომერი (კეტერი?) ფასის ძალაში შესვლის თარიღი ეგზემპლარის სახეობა საჯარო შენიშვნა
          ბათუმის შოთა რუსთაველის სახელმწიფო უნივერსიტეტის მთავარი ბიბლიოთეკა ბათუმის შოთა რუსთაველის სახელმწიფო უნივერსიტეტის მთავარი ბიბლიოთეკა წიგნსაცავი 2018-12-17 5.40 123(042) კ-84 54958 2018-12-17 54958 2018-12-17 წიგნი 5.40 ₾.
          ბათუმის შოთა რუსთაველის სახელმწიფო უნივერსიტეტის მთავარი ბიბლიოთეკა ბათუმის შოთა რუსთაველის სახელმწიფო უნივერსიტეტის მთავარი ბიბლიოთეკა წიგნსაცავი 2018-12-17 5.40 123(042) კ-84 54959 2018-12-17 54959 2018-12-17 წიგნი 5.40 ₾.
          ბათუმის შოთა რუსთაველის სახელმწიფო უნივერსიტეტის მთავარი ბიბლიოთეკა ბათუმის შოთა რუსთაველის სახელმწიფო უნივერსიტეტის მთავარი ბიბლიოთეკა წიგნსაცავი 2018-12-17 5.40 123(042) კ-84 54960 2018-12-17 54960 2018-12-17 წიგნი 5.40 ₾.
          ბათუმის შოთა რუსთაველის სახელმწიფო უნივერსიტეტის მთავარი ბიბლიოთეკა ბათუმის შოთა რუსთაველის სახელმწიფო უნივერსიტეტის მთავარი ბიბლიოთეკა წიგნსაცავი 2018-12-17 5.40 123(042) კ-84 54961 2018-12-17 54961 2018-12-17 წიგნი 5.40 ₾.
          ბათუმის შოთა რუსთაველის სახელმწიფო უნივერსიტეტის მთავარი ბიბლიოთეკა ბათუმის შოთა რუსთაველის სახელმწიფო უნივერსიტეტის მთავარი ბიბლიოთეკა წიგნსაცავი 2018-12-17 5.40 123(042) კ-84 54962 2018-12-17 54962 2018-12-17 წიგნი 5.40 ₾.